Το πρόβλημα της διαδοχής στην ελληνική γεωργία

Αποθηκεύτηκε σε:
Λεπτομέρειες βιβλιογραφικής εγγραφής
Κύριος συγγραφέας: Ανανίκας, Λουκάς
Μορφή: Βιβλίο
Γλώσσα:Greek
Δημοσίευση: Αθήνα : ΚΕΠΕ, 1984
Σειρά:Θέματα προγραμματισμού ; ; 5
Θέματα:
Ετικέτες: Προσθήκη ετικέτας
Δεν υπάρχουν, Καταχωρήστε ετικέτα πρώτοι!

MARC

LEADER 00000nam a2200000 i 4500
001 1/53134
008 960426s1984 gre d
035 |l 10027469 
040 |a GR-MY-UA  |b gre  |e aacr 
041 0 |a gre 
082 0 |a 333.3350949 
100 1 |a Ανανίκας, Λουκάς. 
245 1 3 |a Το πρόβλημα της διαδοχής στην ελληνική γεωργία /  |c Λουκά Ανανίκα 
260 |a Αθήνα :   |b ΚΕΠΕ,   |c 1984 
300 |a 193 σ. 
490 1 |a Θέματα προγραμματισμού  |v ; 5 
650 0 0 |a Land titles  |x Registration and transfer  |z Greece. 
830 0 |a Θέματα προγραμματισμού ;  |v ; 5 
852 |a INST  |b CHIOS  |e 19960426  |h 333.33509495 ΠΡΟ  |p 005200005478  |q 005200005478  |t BK  |y 0 
852 |a INST  |b CHIOS  |e 19990210  |h 333.33509495 ΠΡΟ  |p 005200014884  |q 005200014884  |t BK  |y 0 
909 |a Χ  |b 000189 
909 |a Χ  |b 055339 
922 |a 2ΔΩΡ  |b 199902  |d ΛΕΜΟΝΙΑ